=LDR 00000nam 2200000 4500 =001 INLIS000000000038377 =005 20130612144040 =008 ***********************************Ind** =035 ##$$0010-061300000038377 =041 ##$$a Ind =082 ##$$a 641.8 =090 ##$$a 641.8, Erw e =100 ##$$a Erwin, Lilly T =245 ##$$a Eff roll, Lilly T. Erwin; Editor, Intarina Hardiman =260 ##$$a 2009 $b Jakarta =300 ##$$a 38 hlm, Ilus, 22 cm =650 ##$$a Lumpia, Resep =700 ##$$a Hardiman, Intarina =850 ##$$a NBPNMAT